Sports Quiz

Random Sports or Soccer Quiz

50 most powerful people in soccer business Quiz Stats

Quiz not verified by Sporcle

Challenge
Share
Tweet
Embed
Score 0/50 Timer 10:00
0 Plays Today
Nationality Name % Correct
SwissJoseph 'Sepp' Blatter
69.1%
RussianRoman Abramovich
66.4%
FrenchMichel Platini
66.4%
PortugueseJosé Mourinho
60.9%
PortugueseCristiano Ronaldo
60%
ArgentineLionel Messi
59.1%
IvorianDidier Drogba
37.3%
SpanishPep Guardiola
37.3%
EnglishDavid Beckham
33.6%
SpanishFlorentino Perez
23.6%
GermanJoachim Löw
22.7%
GermanKarl-Heinz Rummenigge
21.8%
RussianVladimir Putin
20%
DutchJohan Cruyff
19.1%
PortugueseJorge Mendes
17.3%
GermanThomas Müller
15.5%
GermanHans-Wilhelm Müller-Wohlfarth
15.5%
BrazilianNeymar
11.8%
UAEMansour bin Zayed Al Nahyan
11.8%
GermanJürgen Klopp
10.9%
SingaporeanTan Seet Eng (Dan Tan)
10.9%
ItalianCarmine 'Mino' Raiola
9.1%
ArgentinianMarcelo Bielsa
5.5%
CameroonianIssa Hayatou
5.5%
FrenchJérôme Valcke
5.5%
Nationality Name % Correct
GermanWolfgang Niersbach
3.6%
ItalianAndrea Agnelli
2.7%
SpanishVicente del Bosque
2.7%
EnglishJames Murdoch
2.7%
UruguayanEugenio Figueredo
1.8%
SwissMassimo Bussacca
1.8%
AustrianDietrich Mateschitz
1.8%
QatarTamim ben Hamad Al Thani
1.8%
EnglishNick Hornby
0.9%
ItalianCesare Prandelli
0.9%
AmericanMark Parker
0.9%
EnglishRichard Scudamore
0.9%
ArgentineJulio Grondona
0.9%
GermanHerbert Hainer
0.9%
GermanDaniela Wurbs
0%
AmericanMichael J. Garcia
0%
GermanChristian Seifert
0%
AmericanBrian Goldstein
0%
SwissJacques Herzog & Pierre de Meuron
0%
SpanishCarles Folguera
0%
ScottishAndrew Jennings
0%
CypriotMarios Lefkaritis
0%
FrenchIdriss Akki
0%
GermanMartin Winterkorn
0%
BrazilianJosé Hawilla
0%

You're not logged in!

Compare scores with friends on all Sporcle quizzes.
Join for Free
OR
Log In

You Might Also Like...

Show Comments

Extras

Top Quizzes Today


Score Distribution

Your Account Isn't Verified!

In order to create a playlist on Sporcle, you need to verify the email address you used during registration. Go to your Sporcle Settings to finish the process.

Report this User

Report this user for behavior that violates our Community Guidelines.

Details: